000 00509nam a2200181Ia 4500
001 20359
005 20260306172800.0
008 260306t2010||||xx |||||||||||||| ||spa||
041 _aESP
082 _a343.2
_bM26
100 _aMartínez Pujalte, Antonio Luis
_eAUT
245 0 _aLos derechos fundamentales en el sistema constitucional:
_bTeoría general e implicaciones prácticas
260 _c2010
300 _a287 páginas :
_c24 cm.
650 _aGEN
654 _aCDE
942 _cLIB
_dJUS
_fJUS
_2ddc
_n
999 _c20359
_d20359